| 000 | 00476nam a2200193 b 4500 | ||
|---|---|---|---|
| 001 | 00000000064373 | ||
| 003 | OSt | ||
| 005 | 20130712110601.0 | ||
| 008 | 020226s1968 esp 000 0 spa d | ||
| 040 |
_aBU-BP _cBMC |
||
| 082 | _a864.6 | ||
| 100 |
_97 _aUnamuno, Miguel de _d1864-1936 |
||
| 245 | 1 | 0 |
_aAlmas de jóvenes _cMiguel de Unamuno |
| 250 | _a4ª ed | ||
| 260 |
_aMadrid _bEspasa-Calpe _c1968 |
||
| 300 |
_a153 p. _c18 cm |
||
| 490 |
_aAustral _v499 |
||
| 942 |
_2ddc _cBK |
||
| 999 |
_c444 _d444 |
||